000 00448nam a22001457a 4500
999 _c11993
_d11993
008 190114b ||||| |||| 00| 0 eng d
020 _a971-27-1052-4
082 _22000
_aDFil 899.2111
_bL11
245 _aPatay kang bata ka/
_cJose F. Lacaba
260 _aPasig City:
_bAnvil Publishing,
_cc2000.
300 _aPage 27-28;
_c21 cm.
500 _aEdad medya: Mga tula sa katanghaliang gulang
650 _aFilipino poetry
_934046
942 _2ddc
_cDFIL